00493nam a2200193 a 4500001001300000003000900013005001700022008004100039020001000080082001300090100003800103245002200141260003200163300000900195500003500204505001200239650001000251700003800261nice12345678IN_TiNIC20260116012113.0050524s1955 lona grp 000 0 ara  ac10000a160bSAH aSaherwardi Al, Shaikh Shahabuddin aMantaqul-Talwihat aLondon bNo Publisherc1955 a100p aincludes index and biblioraphy2 aIndexes aLogic1 aSaherwardi Al, Shaikh Shahabuddin